000 00370nam a22001457a 4500
020 _a978-93-5453-026-5
082 _a657.42
100 _aArora, M. N.
245 _aCost Accounting: Principles and Practice
250 _a13th
260 _aNew Delhi:
_bVikas Publishing House,
_c2021
300 _a656p.: ill.; 24 cm
500 _aTABLE OF CONTENTS:
942 _cBK
999 _c22108
_d22108